Municipios de Putumayo - Map Quiz - Estadísticas

Estadísticas generales
  • Esta prueba ha sido intentada 352 veces
  • La puntuación promedio es 9 de 13
Respuestas en el mapa
Las respuestas están codificadas por una escala verde-roja en el mapa de la prueba según el % correcto abajo.
 
Estadísticas de respuestas
Respuesta % Correcto
MOCOA
99%
PUERTO ASIS
85%
PUERTO LEGUIZAMO
83%
SIBUNDOY
74%
ORITO
71%
VILLAGARZON
70%
SANTIAGO
61%
COLON
59%
PUERTO CAICEDO
59%
SAN MIGUEL
59%
PUERTO GUZMAN
58%
SAN FRANCISCO
56%
VALLE DEL GUAMUEZ
55%
No se encontraron pruebas coincidentes
Distribución de puntuación
Porcentaje de gente con cada puntuación
Porcentaje por número respondido
Historial de tus puntuaciones
No has intentado esta prueba.